[Event "Staufer op 23rd"]
[Site "Leinzell"]
[Date "2011.01.05"]
[Round "7"]
[White "Koenig, Dietrich"]
[Black "Bader, Gerd"]
[Result "1-0"]
[WhiteElo "2339"]
[BlackElo "2054"]
[PlyCount "89"]
[EventDate "2011.01.02"]
[EventType "swiss"]
[EventRounds "9"]
[EventCountry "GER"]
[SourceTitle "CBM 140 Extra"]
[Source "ChessBase"]
[SourceDate "2011.03.01"]
[SourceVersion "1"]
[SourceVersionDate "2011.03.01"]
[SourceQuality "1"]

1. d4 d6 2. c4 e5 3. d5 f5 4. e4 Nf6 5. exf5 Bxf5 6. Nc3 Be7 7. Nge2 0-0 8. Ng3 Bg6 9. Bd3 Bxd3 10. Qxd3 Na6 11. 0-0 Nd7 12. Nge4 Ndc5 13. Qe2 Nxe4 14. Nxe4 Qd7 15. Be3 Rf7 16. a3 c6 17. Rfd1 c5 18. Rab1 b6 19. b4 h6 20. bxc5 bxc5 21. Rb5 Rb8 22. Rdb1 Rff8 23. h3 Rxb5 24. Rxb5 Rb8 25. a4 Qc8 26. Qg4 Qxg4 27. hxg4 Rxb5 28. axb5 Nc7 29. Bxc5 dxc5 30. d6 Bxd6 31. Nxd6 Na8 32. Kf1 Nb6 33. Ke2 Kf8 34. Kd3 Ke7 35. Nb7 e4+ 36. Kxe4 Nxc4 37. Kd5 Nd2 38. Nxc5 g6 39. Nd3 Kf6 40. Nb4 Nb1 41. Nc6 Nc3+ 42. Kc4 Ne4 43. f3 Nd6+ 44. Kc5 Nc8 45. Nxa7 1-0

[Event "Staufer op 23rd"]
[Site "Leinzell"]
[Date "2011.01.03"]
[Round "4"]
[White "Turner, Radek"]
[Black "Koenig, Dietrich"]
[Result "1/2-1/2"]
[WhiteElo "2152"]
[BlackElo "2339"]
[PlyCount "47"]
[EventDate "2011.01.02"]
[EventType "swiss"]
[EventRounds "9"]
[EventCountry "GER"]
[SourceTitle "CBM 140 Extra"]
[Source "ChessBase"]
[SourceDate "2011.03.01"]
[SourceVersion "1"]
[SourceVersionDate "2011.03.01"]
[SourceQuality "1"]

1. c4 e6 2. g3 d5 3. Nf3 c5 4. cxd5 exd5 5. Bg2 Nc6 6. 0-0 Nf6 7. d4 Be7 8. b3 Ne4 9. Bb2 Bf6 10. Na3 0-0 11. Nc2 Re8 12. e3 Bg4 13. h3 Bh5 14. Re1 Qa5 15. g4 Bg6 16. Ne5 Rad8 17. Nxg6 hxg6 18. Re2 Re6 19. Qe1 Qxe1+ 20. Raxe1 cxd4 21. Nxd4 Nxd4 22. Bxd4 Bxd4 23. exd4 Rde8 24. Re3 1/2-1/2

[Event "Staufer op 21st"]
[Site "Schwaebisch Gmuend"]
[Date "2009.01.02"]
[Round "1"]
[White "Koenig, Dietrich"]
[Black "Kowalski, Hans Michael"]
[Result "1-0"]
[WhiteElo "2353"]
[BlackElo "1872"]
[PlyCount "133"]
[EventDate "2009.01.02"]
[EventType "swiss"]
[EventRounds "9"]
[EventCountry "GER"]
[SourceTitle "CBM 128 Extra"]
[Source "ChessBase"]
[SourceDate "2009.03.05"]
[SourceVersion "2"]
[SourceVersionDate "2009.03.25"]
[SourceQuality "1"]

1. d4 d5 2. Bf4 e6 3. e3 Nf6 4. Nd2 Be7 5. Bd3 Nbd7 6. Ngf3 h6 7. c3 c6 8. Ne5 Nxe5 9. Bxe5 Bd7 10. 0-0 0-0 11. Kh1 Ne8 12. Qh5 f5 13. Qh3 Nf6 14. f3 Qe8 15. Rae1 Qf7 16. e4 Nh7 17. exf5 exf5 18. f4 Rae8 19. Re3 Kh8 20. Qxh6 Bf6 21. Qh3 Bxe5 22. Rxe5 Rxe5 23. fxe5 Kg8 24. Nf3 g6 25. Qh6 Re8 26. h4 Qg7 27. Qxg7+ Kxg7 28. Kg1 Kh6 29. g3 Be6 30. Kf2 b6 31. Ke3 Bc8 32. Kf4 Nf8 33. Ng5 Ne6+ 34. Nxe6 Bxe6 35. b4 Rg8 36. a3 Rc8 37. Ke3 Rc7 38. Rc1 g5 39. c4 gxh4 40. gxh4 Rf7 41. cxd5 Bxd5 42. Bc4 f4+ 43. Kf2 Kh5 44. Bxd5 cxd5 45. Rc6 Kxh4 46. Rf6 Rc7 47. Rxf4+ Kg5 48. Rf8 Rc6 49. Ke3 a5 50. Kd3 axb4 51. axb4 Rh6 52. Rd8 Rh3+ 53. Kc2 Kf4 54. Rxd5 Ke4 55. Rb5 Kxd4 56. Rxb6 Kxe5 57. Rc6 Rh2+ 58. Kb3 Rh3+ 59. Kc4 Rh1 60. Kc5 Rc1+ 61. Kb6 Rd1 62. b5 Rb1 63. Ka6 Kd5 64. Rc2 Ra1+ 65. Kb7 Rb1 66. b6 Kd6 67. Ka7 1-0

[Event "Bayern-chI Bank Hofmann 12th"]
[Site "Bad Wiessee"]
[Date "2008.11.09"]
[Round "9"]
[White "Kastek, Thomas"]
[Black "Koenig, Dietrich"]
[Result "0-1"]
[WhiteElo "2184"]
[BlackElo "2353"]
[PlyCount "66"]
[EventDate "2008.11.01"]
[EventType "swiss"]
[EventRounds "9"]
[EventCountry "GER"]
[SourceTitle "EXT 2009"]
[Source "ChessBase"]
[SourceDate "2008.11.26"]
[SourceVersion "1"]
[SourceVersionDate "2008.11.26"]
[SourceQuality "1"]

1. c4 e6 2. g3 d5 3. Bg2 c5 4. Nf3 Nc6 5. 0-0 Nf6 6. b3 Bd6 7. e3 0-0 8. Bb2 d4 9. exd4 cxd4 10. d3 e5 11. Ba3 Re8 12. Bxd6 Qxd6 13. Re1 h6 14. a3 Bf5 15. Nh4 Bh7 16. Be4 Nxe4 17. dxe4 g5 18. Ng2 f5 19. Nd2 f4 20. b4 Rf8 21. Qb3 Qf6 22. Rf1 Rad8 23. Qd3 h5 24. f3 Kh8 25. c5 fxg3 26. hxg3 h4 27. g4 Ne7 28. Kh2 Nd5 29. Rg1 Nf4 30. Nxf4 Qxf4+ 31. Kg2 Rf6 32. Rac1 Rdf8 33. b5 Qg3+ 0-1

[Event "Neckar op-A 12th"]
[Site "Deizisau"]
[Date "2008.03.23"]
[Round "7"]
[White "Kraemer, Martin"]
[Black "Koenig, Dietrich"]
[Result "1-0"]
[WhiteElo "2436"]
[BlackElo "2349"]
[PlyCount "121"]
[EventDate "2008.03.20"]
[EventType "swiss"]
[EventRounds "9"]
[EventCountry "GER"]
[SourceTitle "CBM 123 Extra"]
[Source "ChessBase"]
[SourceDate "2008.05.06"]
[SourceVersion "1"]
[SourceVersionDate "2008.05.06"]
[SourceQuality "1"]

1. d4 d5 2. c4 e6 3. Nc3 c5 4. cxd5 exd5 5. Nf3 Nc6 6. g3 Nf6 7. Bg2 Be7 8. 0-0 0-0 9. Bg5 cxd4 10. Nxd4 h6 11. Be3 Re8 12. Rc1 Bf8 13. Nxc6 bxc6 14. Bd4 Bg4 15. h3 Bf5 16. Qd2 Re6 17. Rfd1 Qe8 18. e3 Bb4 19. a3 Ne4 20. Qe2 Bxc3 21. Bxc3 Rd8 22. Bd4 Rd7 23. b4 Rb7 24. Qb2 Rg6 25. Qe2 Re6 26. Re1 Qd7 27. Rcd1 Re8 28. Kh2 Qe6 29. Rc1 Qd7 30. Qb2 f6 31. Qe2 Rb5 32. Bf1 Ng5 33. f4 Ne6 34. Bc3 Rbb8 35. Bg2 Nc7 36. Bd4 Nb5 37. Qb2 Nd6 38. Qc3 Rec8 39. Bc5 Ne4 40. Qd4 Ra8 41. Red1 Qb7 42. a4 Rd8 43. g4 Bh7 44. Bf1 a6 45. Bb6 Rdb8 46. a5 Re8 47. Bg2 f5 48. Bf3 fxg4 49. Bxg4 Nf6 50. Rg1 Kh8 51. Qc3 Qe7 52. Bd4 Rab8 53. Be2 Rxb4 54. Bc5 Rc4 55. Bxe7 Rxc3 56. Rxc3 Rxe7 57. Bxa6 Be4 58. Rxc6 d4 59. Rc8+ Kh7 60. exd4 Ra7 61. Bc4 1-0

[Event "AUT-chT2W 0102"]
[Site "Austria"]
[Date "2001.11.24"]
[Round "5.2"]
[White "Schmidlechner, Alexander"]
[Black "Koenig, Dietrich"]
[Result "0-1"]
[WhiteElo "2222"]
[BlackElo "2384"]
[PlyCount "40"]
[EventDate "2001.10.12"]
[EventType "team"]
[EventRounds "11"]
[EventCountry "AUT"]
[SourceTitle "EXT 2002"]
[Source "ChessBase"]
[SourceDate "2001.11.25"]
[SourceVersion "1"]
[SourceVersionDate "2001.11.25"]
[SourceQuality "1"]

1. d4 Nf6 2. Nf3 e6 3. Bg5 h6 4. Bxf6 Qxf6 5. Nbd2 d6 6. c3 Nc6 7. g3 g5 8. Bg2 g4 9. Nh4 Bd7 10. a4 h5 11. a5 Bh6 12. b4 d5 13. e4 Nxd4 14. cxd4 Qxd4 15. Rb1 Bb5 16. Qc2 0-0-0 17. Rc1 c6 18. Qc3 dxe4 19. Qxd4 Rxd4 20. Rc2 Rhd8 0-1

[Event "AUT-chT2W 0102"]
[Site "Austria"]
[Date "2001.11.23"]
[Round "4.1"]
[White "Bezler, Rainer"]
[Black "Koenig, Dietrich"]
[Result "1/2-1/2"]
[WhiteElo "2269"]
[BlackElo "2384"]
[PlyCount "117"]
[EventDate "2001.10.12"]
[EventType "team"]
[EventRounds "11"]
[EventCountry "AUT"]
[SourceTitle "EXT 2002"]
[Source "ChessBase"]
[SourceDate "2001.11.25"]
[SourceVersion "1"]
[SourceVersionDate "2001.11.25"]
[SourceQuality "1"]

1. d4 Nf6 2. c4 e6 3. Nf3 b6 4. g3 Ba6 5. b3 Bb4+ 6. Bd2 Be7 7. Nc3 0-0 8. Bg2 Bb7 9. 0-0 c5 10. d5 exd5 11. Nh4 Ne4 12. cxd5 Nxc3 13. Bxc3 Bxh4 14. gxh4 Qxh4 15. f4 d6 16. Rf3 f5 17. Rg3 Rf7 18. Qd2 Nd7 19. Re1 Re8 20. e4 fxe4 21. Bxe4 Rfe7 22. Bxg7 Rxg7 23. Bxh7+ Qxh7 24. Rxe8+ Kf7 25. Qe2 Rxg3+ 26. hxg3 Ne5 27. Rb8 Qb1+ 28. Qf1 Nf3+ 29. Kf2 Qxf1+ 30. Kxf1 Bxd5 31. Kf2 Nd4 32. Rh8 a5 33. Rh7+ Ke6 34. Ra7 c4 35. bxc4 Bxc4 36. a3 Nc2 37. a4 Nb4 38. g4 Nd3+ 39. Ke3 Nc5 40. g5 Nxa4 41. Kd4 Bb3 42. Rh7 Nc5 43. Rh6+ Ke7 44. f5 Bc2 45. f6+ Ke6 46. f7+ Kxf7 47. Rxd6 Na4 48. Kc4 Ke7 49. Rd2 Bf5 50. Kb5 Bd7+ 51. Ka6 Be8 52. Rd4 Nb2 53. Kxb6 a4 54. Re4+ Kf8 55. Rf4+ Ke7 56. Rf1 a3 57. Ra1 Bf7 58. Ka5 a2 59. Kb4 1/2-1/2

[Event "AUT-chT2W 0102"]
[Site "Austria"]
[Date "2001.10.12"]
[Round "1.1"]
[White "Schmittdiel, Eckhard"]
[Black "Koenig, Dietrich"]
[Result "1-0"]
[WhiteElo "2486"]
[BlackElo "2384"]
[PlyCount "51"]
[EventDate "2001.10.12"]
[EventType "team"]
[EventRounds "11"]
[EventCountry "AUT"]
[SourceTitle "EXT 2002"]
[Source "ChessBase"]
[SourceDate "2001.11.25"]
[SourceVersion "1"]
[SourceVersionDate "2001.11.25"]
[SourceQuality "1"]

1. e4 d5 2. exd5 Qxd5 3. Nc3 Qa5 4. Nf3 Nf6 5. Be2 c6 6. d4 Bf5 7. Nh4 Bg6 8. 0-0 e6 9. Bf4 Nbd7 10. a3 Be7 11. b4 Qd8 12. Nxg6 hxg6 13. Qd3 Nd5 14. Nxd5 cxd5 15. c4 dxc4 16. Qxc4 Nb6 17. Qb5+ Kf8 18. Bf3 a6 19. Qa5 Nd5 20. Be5 f6 21. Bg3 b6 22. Qa4 Bd6 23. Qc6 Bxg3 24. hxg3 Kf7 25. Rfe1 Re8 26. Rxe6 1-0

[Event "Neckar op-A 5th"]
[Site "Deizisau"]
[Date "2001.04.15"]
[Round "6"]
[White "Bezold, Michael"]
[Black "Koenig, Dietrich"]
[Result "1-0"]
[WhiteElo "2510"]
[BlackElo "2327"]
[PlyCount "82"]
[EventDate "2001.04.12"]
[EventType "swiss"]
[EventRounds "9"]
[EventCountry "GER"]
[SourceTitle "CBM 081 Extra"]
[Source "ChessBase"]
[SourceDate "2001.05.06"]
[SourceVersion "1"]
[SourceVersionDate "2001.05.06"]
[SourceQuality "1"]

1. g3 d5 2. Bg2 c6 3. Nf3 Nf6 4. 0-0 Bg4 5. d4 Nbd7 6. Nbd2 e6 7. Re1 Be7 8. e4 dxe4 9. Nxe4 0-0 10. c3 a5 11. Nxf6+ Bxf6 12. Bf4 a4 13. h3 Bh5 14. Qe2 Re8 15. Rad1 Qb6 16. g4 Bg6 17. g5 Be7 18. Nh4 Nf8 19. Nxg6 Nxg6 20. Bc1 Nh4 21. Be4 g6 22. Qg4 Nf5 23. h4 h5 24. gxh6 Nxh4 25. Bg5 Qd8 26. f4 Nf5 27. Bxe7 Nxe7 28. Qg5 Nd5 29. c4 Nb6 30. c5 Nd7 31. Re2 Kh7 32. Bc2 a3 33. b4 Qf6 34. Be4 Rad8 35. Re3 Re7 36. Rxa3 e5 37. dxe5 Qxg5+ 38. fxg5 Rxe5 39. Bg2 Rxg5 40. Rdd3 Re8 41. Rxd7 Re2 1-0

[Event "Oberliga Bayern 0001"]
[Site "Bayern"]
[Date "2001.04.01"]
[Round "8"]
[White "Koenig, Dietrich"]
[Black "Eichler, Christoph"]
[Result "1-0"]
[WhiteElo "2275"]
[BlackElo "1972"]
[PlyCount "69"]
[EventDate "2000.10.15"]
[EventType "team-tourn"]
[EventRounds "9"]
[EventCountry "GER"]
[SourceTitle "EXT 2020"]
[Source "ChessBase"]
[SourceDate "2019.10.17"]
[SourceVersion "1"]
[SourceVersionDate "2019.10.17"]
[SourceQuality "1"]
[WhiteTeam "Pang/Rosenheim"]
[BlackTeam "Muenchen 36"]
[WhiteTeamCountry "GER"]
[BlackTeamCountry "GER"]

1. d4 d5 2. c4 c6 3. e3 Nf6 4. Nc3 g6 5. Nf3 Bg7 6. Be2 0-0 7. 0-0 Nbd7 8. cxd5 cxd5 9. Qb3 e6 10. Rd1 Qb6 11. Qc2 Qc7 12. Bd2 Ne4 13. Be1 Nxc3 14. Bxc3 Nb6 15. Ne5 Bd7 16. a4 Rfc8 17. a5 Nc4 18. Nxc4 dxc4 19. Bf3 Rab8 20. d5 Bxc3 21. bxc3 exd5 22. Bxd5 Bc6 23. e4 Qe5 24. Rd4 Bxd5 25. exd5 Rc5 26. Qd2 Qd6 27. h4 Rd8 28. a6 bxa6 29. Re1 Kg7 30. h5 Rxd5 31. h6+ Kf8 32. Ree4 Qc5 33. Qg5 Qd6 34. Rxd5 Qxd5 35. Qe7+ 1-0

[Event "AUT-chT2W 0001"]
[Site "Austria"]
[Date "2001.01.12"]
[Round "6"]
[White "Koenig, Dietrich"]
[Black "Duer, Werner"]
[Result "1-0"]
[WhiteElo "2327"]
[BlackElo "2325"]
[PlyCount "173"]
[EventDate "2000.??.??"]
[EventType "team"]
[EventRounds "9"]
[EventCountry "AUT"]
[SourceTitle "EXT 2002"]
[Source "ChessBase"]
[SourceDate "2001.11.25"]
[SourceVersion "1"]
[SourceVersionDate "2001.11.25"]
[SourceQuality "1"]

1. d4 d5 2. Bf4 Nf6 3. e3 g6 4. Nd2 Bg7 5. h3 0-0 6. Bd3 Nbd7 7. Ngf3 c5 8. c3 b6 9. 0-0 Bb7 10. Qe2 Ne4 11. Rad1 Qe8 12. Rfe1 Nxd2 13. Rxd2 e5 14. dxe5 Nxe5 15. Nxe5 Bxe5 16. Bh6 Bg7 17. Bxg7 Kxg7 18. Red1 Qe5 19. Ba6 Bc6 20. Bb5 Bb7 21. Qf3 Qe7 22. Qf4 Rfd8 23. Be2 Rd6 24. Bf3 Rad8 25. c4 g5 26. Qg3 d4 27. Bxb7 Qxb7 28. exd4 cxd4 29. Rxd4 Rxd4 30. Rxd4 Rxd4 31. Qe5+ f6 32. Qxd4 Qa6 33. a3 Qa4 34. Qd3 Qe8 35. Qe3 Qa4 36. b4 Qd1+ 37. Kh2 Qd6+ 38. g3 h5 39. c5 bxc5 40. bxc5 Qc7 41. Kg1 Qd7 42. Kh2 Qc7 43. c6 Qxc6 44. Qxa7+ Kg6 45. Qd4 Qc7 46. Qe4+ Kg7 47. Kg2 Qa7 48. a4 Qa5 49. Qb7+ Kg6 50. Qb1+ Kg7 51. Qb5 Qa8+ 52. Kh2 Qe4 53. a5 Qe1 54. Qb6 h4 55. a6 hxg3+ 56. Kxg3 Qe5+ 57. Kg2 Qe4+ 58. Kf1 Qd3+ 59. Ke1 Qc3+ 60. Kd1 Qd3+ 61. Kc1 Qc3+ 62. Kb1 Qd3+ 63. Kb2 Qd2+ 64. Kb3 Qd3+ 65. Kb4 Qd2+ 66. Kb5 Qd5+ 67. Qc5 Qb3+ 68. Kc6 Qa4+ 69. Kb7 Qe4+ 70. Qc6 Qb4+ 71. Kc8 Qf8+ 72. Kc7 Qa3 73. Kb8 Kg6 74. Qe4+ Kh6 75. Qe6 Qb4+ 76. Kc7 Qc5+ 77. Kd7 Kg6 78. Qe4+ Kh6 79. Qe6 Kg6 80. Ke8 Qb5+ 81. Kd8 Qa5+ 82. Kc8 Qc5+ 83. Kb7 Qb5+ 84. Kc7 Qc5+ 85. Qc6 Qe7+ 86. Kc8 Qf8+ 87. Kd7 1-0

[Event "AUT-chT2W 9900"]
[Site "Austria"]
[Date "2000.03.04"]
[Round "10"]
[White "Schmidlechner, Alexander"]
[Black "Koenig, Dietrich"]
[Result "0-1"]
[WhiteElo "2164"]
[BlackElo "2305"]
[PlyCount "116"]
[EventDate "1999.10.15"]
[EventType "team"]
[EventRounds "11"]
[EventCountry "AUT"]
[SourceTitle "EXT 2000"]
[Source "ChessBase"]
[SourceDate "1999.11.16"]
[SourceVersion "1"]
[SourceVersionDate "1999.11.16"]
[SourceQuality "1"]

1. Nf3 g6 2. g3 Bg7 3. Bg2 c5 4. 0-0 Nc6 5. d3 e6 6. e4 Nge7 7. Nbd2 d5 8. Re1 b6 9. e5 Qc7 10. Qe2 h6 11. Nf1 g5 12. Ne3 Bb7 13. Ng4 0-0-0 14. c3 Ng6 15. b4 h5 16. b5 Nb8 17. Nf6 g4 18. Nh4 Nxe5 19. Bg5 Ned7 20. Nxd7 Rxd7 21. d4 Re8 22. Bf4 Qd8 23. Be3 c4 24. f3 f5 25. Ng6 Qf6 26. Ne5 Rdd8 27. fxg4 hxg4 28. Nxc4 Qe7 29. Bf4 Rd7 30. Ne5 Rc7 31. Ng6 Qd7 32. Bxc7 Qxc7 33. Ne5 Nd7 34. c4 Bxe5 35. dxe5 dxc4 36. Rac1 Qc5+ 37. Kf1 Bd5 38. Bxd5 exd5 39. e6 Nf6 40. Qe5 Ne4 41. Rc2 d4 42. Qxc5+ bxc5 43. Rxe4 fxe4 44. Rxc4 Rxe6 45. Rxc5+ Kd7 46. Rg5 Kd6 47. Rxg4 d3 48. Rg8 Kd5 49. Rd8+ Kc4 50. Ke1 e3 51. Rc8+ Kxb5 52. Rd8 Kc4 53. Rc8+ Kd4 54. Rb8 Rc6 55. Rb4+ Rc4 56. Rb1 d2+ 57. Ke2 Rc1 58. Rb4+ Kc5 0-1

[Event "AUT-chT2W 9900"]
[Site "Austria"]
[Date "2000.03.03"]
[Round "9"]
[White "Bosch, Jeroen"]
[Black "Koenig, Dietrich"]
[Result "1-0"]
[WhiteElo "2480"]
[BlackElo "2305"]
[PlyCount "62"]
[EventDate "1999.10.15"]
[EventType "team"]
[EventRounds "11"]
[EventCountry "AUT"]
[SourceTitle "EXT 2000"]
[Source "ChessBase"]
[SourceDate "1999.11.16"]
[SourceVersion "1"]
[SourceVersionDate "1999.11.16"]
[SourceQuality "1"]

1. d4 g6 2. e4 Bg7 3. Nc3 c6 4. Nf3 d5 5. h3 Nh6 6. Bf4 f6 7. exd5 cxd5 8. Nb5 0-0 9. c4 Na6 10. cxd5 Qxd5 11. Nc3 Qf7 12. Qb3 Qxb3 13. axb3 Rd8 14. Bc4+ Kf8 15. 0-0 Nf5 16. Nb5 Bd7 17. Rfd1 Bxb5 18. Bxb5 Nb4 19. Bc7 Rdc8 20. Ba5 Nc6 21. Bc3 Nd6 22. Bd3 a6 23. Re1 Rd8 24. d5 Na7 25. Nd4 Rd7 26. Ne6+ Kf7 27. Ba5 Nab5 28. Nc5 Ke8 29. Nxd7 Kxd7 30. Bb4 Nd4 31. Rad1 f5 1-0

[Event "Oberliga Bayern 9900"]
[Site "Bayern"]
[Date "1999.12.12"]
[Round "3.3"]
[White "Mueller, Marcus"]
[Black "Koenig, Dietrich"]
[Result "1/2-1/2"]
[WhiteElo "2154"]
[BlackElo "2290"]
[PlyCount "139"]
[EventDate "1999.10.10"]
[EventType "team-tourn"]
[EventRounds "9"]
[EventCountry "GER"]
[SourceTitle "EXT 2020"]
[Source "ChessBase"]
[SourceDate "2019.10.17"]
[SourceVersion "1"]
[SourceVersionDate "2019.10.17"]
[SourceQuality "1"]
[WhiteTeam "Muenchen 36"]
[BlackTeam "Pang/Rosenheim"]
[WhiteTeamCountry "GER"]
[BlackTeamCountry "GER"]

1. Nf3 g6 2. c4 Bg7 3. Nc3 d6 4. d4 Nd7 5. e4 e5 6. Be2 Ngf6 7. 0-0 0-0 8. Re1 c6 9. Bf1 a5 10. Rb1 Re8 11. d5 Nc5 12. b3 Bd7 13. dxc6 bxc6 14. Qxd6 Nfxe4 15. Rxe4 Nxe4 16. Nxe4 Bf5 17. Qxd8 Raxd8 18. Nfd2 Bxe4 19. Nxe4 f5 20. Nc3 e4 21. Bb2 Rd2 22. Na4 Bxb2 23. Rxb2 Red8 24. Rxd2 Rxd2 25. c5 Rxa2 26. g3 Kf7 27. Nb6 Rc2 28. Bc4+ Kg7 29. h4 h6 30. Na4 Kf6 31. Nb6 Kg7 32. Na4 g5 33. hxg5 hxg5 34. Be6 Kf6 35. Bd7 Ke5 36. Bxc6 Rc1+ 37. Kg2 Rb1 38. Bd5 Rc1 39. Bc4 f4 40. gxf4+ gxf4 41. Nb6 Rd1 42. Nc8 Rd7 43. Bb5 Rg7+ 44. Kf1 Kd4 45. Nd6 Kxc5 46. Ne8 Rg6 47. Ba4 Kd4 48. Nc7 Rh6 49. Ke2 Rh1 50. Nb5+ Ke5 51. Nc3 Rh3 52. Nb5 Rd3 53. Na3 f3+ 54. Ke1 Rc3 55. Nc4+ Kf4 56. Ne3 Rc1+ 57. Kd2 Ra1 58. Bb5 Ra2+ 59. Ke1 Ra1+ 60. Kd2 Ra2+ 61. Ke1 Ke5 62. Bc4 Rb2 63. Nd1 Rb1 64. Kd2 Kd4 65. Kc2 Ra1 66. Kd2 Ra2+ 67. Ke1 a4 68. Ne3 Ra1+ 69. Kd2 axb3 70. Bxb3 1/2-1/2

[Event "AUT-chT2W 9900"]
[Site "Austria"]
[Date "1999.11.21"]
[Round "6"]
[White "Lutzenberger, Reimund"]
[Black "Koenig, Dietrich"]
[Result "1/2-1/2"]
[WhiteElo "2255"]
[BlackElo "2320"]
[PlyCount "102"]
[EventDate "1999.10.15"]
[EventType "team"]
[EventRounds "11"]
[EventCountry "AUT"]
[SourceTitle "EXT 2000"]
[Source "ChessBase"]
[SourceDate "1999.11.16"]
[SourceVersion "1"]
[SourceVersionDate "1999.11.16"]
[SourceQuality "1"]

1. e4 d5 2. exd5 Qxd5 3. Nc3 Qa5 4. d4 c6 5. Bc4 Bf5 6. Bd2 e6 7. Nf3 Nf6 8. Qe2 Bb4 9. 0-0-0 Nbd7 10. a3 Bxc3 11. Bxc3 Qc7 12. Ne5 b5 13. Bd3 0-0 14. Bxf5 exf5 15. Qf3 Nd5 16. Qxf5 Nxc3 17. Nxd7 Nxd1 18. Nxf8 Rxf8 19. Rxd1 Qxh2 20. g3 Qh6+ 21. f4 Qh2 22. Qg4 Qf2 23. b3 a5 24. d5 Qc5 25. dxc6 Qxc6 26. Qd7 Qc3 27. Qd4 Qc6 28. Kb2 g6 29. Qc3 Qb6 30. Rd7 b4 31. Qd4 bxa3+ 32. Kxa3 Qc6 33. Kb2 Qf3 34. Qc3 Qg4 35. Ra7 h5 36. Rxa5 Rc8 37. Qd3 Qe6 38. Qd5 Qf6+ 39. Qe5 Qc6 40. c4 Qg2+ 41. Ka3 Qxg3 42. f5 Qxe5 43. Rxe5 Kg7 44. fxg6 fxg6 45. c5 Kf6 46. Rd5 h4 47. Rd6+ Kf5 48. c6 h3 49. Rd3 Kg4 50. Rd4+ Kg5 51. Rd3 Rxc6 1/2-1/2

[Event "AUT-chT2W 9900"]
[Site "Austria"]
[Date "1999.11.19"]
[Round "4"]
[White "Bezler, Rainer"]
[Black "Koenig, Dietrich"]
[Result "0-1"]
[WhiteElo "2160"]
[BlackElo "2297"]
[PlyCount "78"]
[EventDate "1999.10.15"]
[EventType "team"]
[EventRounds "11"]
[EventCountry "AUT"]
[SourceTitle "EXT 2000"]
[Source "ChessBase"]
[SourceDate "1999.11.16"]
[SourceVersion "1"]
[SourceVersionDate "1999.11.16"]
[SourceQuality "1"]

1. e4 d5 2. exd5 Qxd5 3. Nc3 Qa5 4. d4 c6 5. Bc4 Bf5 6. Nge2 e6 7. Ng3 Bg6 8. h4 h6 9. Qe2 Nf6 10. Bd2 Bb4 11. 0-0-0 Nbd7 12. h5 Bh7 13. a3 Bxc3 14. Bxc3 Qc7 15. d5 cxd5 16. Bxd5 0-0 17. Bc4 Rac8 18. Rh4 a6 19. Rhd4 e5 20. Rh4 Rfe8 21. Ba2 Nc5 22. Qf3 Rcd8 23. Rhh1 Na4 24. Ne2 Ne4 25. Rxd8 Rxd8 26. Be1 Rc8 27. Bb3 Ng5 28. Qe3 Bxc2 29. Bxa4 Bxa4+ 30. Bc3 f6 31. Kb1 Qc4 32. f3 Bb5 33. Nc1 Bd7 34. Rd1 Bf5+ 35. Ka1 b5 36. g4 Be6 37. Rd6 a5 38. Rd3 b4 39. b3 Qc6 0-1

[Event "AUT-chT2W 9900"]
[Site "Austria"]
[Date "1999.10.17"]
[Round "3"]
[White "Koenig, Dietrich"]
[Black "Jenul, Reinhold"]
[Result "1-0"]
[WhiteElo "2321"]
[BlackElo "2170"]
[PlyCount "115"]
[EventDate "1999.10.15"]
[EventType "team"]
[EventRounds "11"]
[EventCountry "AUT"]
[SourceTitle "EXT 2000"]
[Source "ChessBase"]
[SourceDate "1999.11.16"]
[SourceVersion "1"]
[SourceVersionDate "1999.11.16"]
[SourceQuality "1"]

1. d4 Nf6 2. Nf3 d5 3. c4 c6 4. Qb3 dxc4 5. Qxc4 Be6 6. Qc2 Bg4 7. Nbd2 Nbd7 8. g3 e6 9. Bg2 Be7 10. 0-0 0-0 11. Nc4 Bf5 12. Qb3 Nb6 13. Na5 Qc8 14. Bg5 Be4 15. Ne5 Bd5 16. Bxd5 exd5 17. e3 Re8 18. Bxf6 Bxf6 19. Nd3 h5 20. Qd1 g6 21. Qf3 Kg7 22. Rac1 Re7 23. Nb3 Nc4 24. Rc2 Nd6 25. Nd2 Ne4 26. Nf4 Nxd2 27. Rxd2 Qf5 28. Kg2 Rh8 29. h4 Qe4 30. b4 Qxf3+ 31. Kxf3 a5 32. a3 axb4 33. axb4 Rd7 34. b5 Ra8 35. Rc1 cxb5 36. Rb1 Ra5 37. Rdb2 Ra3 38. Kg2 Ra5 39. Rxb5 Rxb5 40. Rxb5 Bd8 41. Nxd5 Kf8 42. Kf3 f6 43. Ke4 Kf7 44. Kd3 Ke6 45. e4 Kf7 46. f4 Ke6 47. Ne3 b6 48. d5+ Kf7 49. e5 Ra7 50. Nc4 Kg7 51. e6 Re7 52. Kd4 f5 53. Ne5 Ra7 54. d6 Bf6 55. Kd5 Bxe5 56. Kxe5 Ra1 57. d7 Re1+ 58. Kd6 1-0

[Event "Oberliga Bayern 9900"]
[Site "Bayern"]
[Date "1999.10.10"]
[Round "1.3"]
[White "Stocker, Andreas"]
[Black "Koenig, Dietrich"]
[Result "0-1"]
[WhiteElo "2145"]
[BlackElo "2290"]
[PlyCount "56"]
[EventDate "1999.10.10"]
[EventType "team-tourn"]
[EventRounds "9"]
[EventCountry "GER"]
[SourceTitle "EXT 2020"]
[Source "ChessBase"]
[SourceDate "2019.10.17"]
[SourceVersion "1"]
[SourceVersionDate "2019.10.17"]
[SourceQuality "1"]
[WhiteTeam "Schwabing SG Nord"]
[BlackTeam "Pang/Rosenheim"]
[WhiteTeamCountry "GER"]
[BlackTeamCountry "GER"]

1. e4 d5 2. exd5 Qxd5 3. Nc3 Qa5 4. d4 c6 5. Nf3 Nf6 6. Bc4 Bf5 7. Bd2 e6 8. Qe2 Bb4 9. 0-0-0 Nbd7 10. a3 Bxc3 11. Bxc3 Qc7 12. Ne5 b5 13. Bb3 Be4 14. Bd2 Bd5 15. Bxd5 Nxd5 16. Qg4 Nxe5 17. dxe5 Qxe5 18. Bb4 0-0-0 19. Bc5 Nc3 20. Rxd8+ Rxd8 21. Bxa7 Qd5 22. bxc3 Qa2 23. Bd4 Qa1+ 24. Kd2 Qxh1 25. Qf3 Qxh2 26. g3 Qh6+ 27. Ke2 e5 28. Be3 Qe6 0-1

[Event "Oberliga Bayern 9899"]
[Site "Bayern"]
[Date "1999.04.11"]
[Round "7.4"]
[White "Aulinger, Reimund"]
[Black "Koenig, Dietrich"]
[Result "0-1"]
[WhiteElo "2170"]
[BlackElo "2310"]
[PlyCount "54"]
[EventDate "1998.10.11"]
[EventType "team-tourn"]
[EventRounds "9"]
[EventCountry "GER"]
[SourceTitle "EXT 2020"]
[Source "ChessBase"]
[SourceDate "2019.10.17"]
[SourceVersion "1"]
[SourceVersionDate "2019.10.17"]
[SourceQuality "1"]
[WhiteTeam "Bindlach"]
[BlackTeam "Pang/Rosenheim"]
[WhiteTeamCountry "GER"]
[BlackTeamCountry "GER"]

1. d4 d5 2. c4 c6 3. Nf3 Nf6 4. Qc2 dxc4 5. g3 Bg4 6. Nbd2 e6 7. Bg2 Nbd7 8. Nxc4 Nb6 9. 0-0 Bf5 10. Qb3 Nxc4 11. Qxc4 Be4 12. Bf4 Be7 13. Rfd1 0-0 14. Ne5 Bxg2 15. Kxg2 Qb6 16. Rac1 Rfd8 17. Rd3 a5 18. a4 Nd5 19. Bd2 Qxb2 20. Rc2 Qb6 21. Rf3 Bf6 22. Rb3 Qc7 23. Rcb2 b5 24. axb5 Bxe5 25. dxe5 cxb5 26. Qxb5 a4 27. Rf3 Rdb8 0-1